LEADER 00842nam0-2200301---450- 001 990009547140403321 005 20120321120933.0 035 $a000954714 035 $aFED01000954714 035 $a(Aleph)000954714FED01 035 $a000954714 100 $a20120321d1970----km-y0itay50------ba 101 0 $ager 102 $aDE 105 $a--------001yy 200 1 $aFinanztheorie$fheraus. Horst Claus Recktenwald 205 $a2 ed. 210 $aKöln \Berlin$cKiepenheuer & Witsch$d1970 215 $a531 p.$d23 cm. 225 1 $aNeue Wissenschaftliche Bibliothek Wirtschaftswissenschaften 700 1$aRecktenwald,$bHorst Claus$0171113 801 0$aIT$bUNINA$gRICA$2UNIMARC 901 $aBK 912 $a990009547140403321 952 $aH01.20$b5033$fDECTS 959 $aDECTS 996 $aFinanztheorie$9419478 997 $aUNINA